| 000 | 01034nam a2200253 i 4500 | ||
|---|---|---|---|
| 001 | 27469 | ||
| 003 | ES-MaACL | ||
| 005 | 20250717065627.0 | ||
| 007 | t| | ||
| 008 | 030114s1893 sp |||| | spa d | ||
| 100 | 1 |
_aAzcárate, Gumersindo de, _d1840-1917 _924243 |
|
| 245 | 1 | 0 | _aDiscurso leído por el señor D. Gumersindo de Azcárate el día 10 de noviembre de 1893 en el Ateneo Científico y Literario de Madrid, con motivo de la apertura de sus cátedras. |
| 260 |
_aMadrid : _b[s.n., _c1893] ( _fSuc. de Rivadeneyra) |
||
| 300 |
_a71 p. ; _c25 cm. |
||
| 500 | _aTema: El problema social. | ||
| 610 | 2 | 4 |
_aAteneo de Madrid- _vDiscursos de apertura- _yS.XIX. _91912 |
| 610 | 2 | 4 |
_aAteneo de Madrid- _vObras digitalizadas. _91930 |
| 650 | 7 |
_aProblemas sociales _2embne _916415 |
|
| 710 | 2 |
_aAteneo de Madrid. _91875 |
|
| 852 |
_aES-MaACL _jFol-Laf-121 |
||
| 852 |
_aES-MaACL _jB-1627(5) |
||
| 856 |
_uhttp://www.ateneodemadrid.com/biblioteca_digital/folletos/Folletos-0182.pdf _zVer documento |
||
| 999 |
_c27469 _d27469 |
||